000 00602nam a2200241Ia 4500
003 OSt
005 20220924143954.0
006 a|||||r|||| 00| 0
007 ta
008 220923b |||||||| |||| 00| 0 urd d
020 _c3
024 _a311550
037 _cTextual
040 _aARTS
_cARTS
_burd
041 _2urd
_aurd
082 _aO168,1:g, J8
100 _aNonaharvi Shabinaul Husan
_9216957
245 0 _aTanqeed-o-tehled
260 _c1958
650 _aURDU POETRY
942 _hO168,1:g, J8
_cTEXL
_2CC
999 _c455965
_d455965